000 00736nam a2200265Ia 4500
003 OSt
005 20220925220713.0
006 a|||||r|||| 00| 0
007 ta
008 220923b |||||||| |||| 00| 0 eng d
020 _a0333421418
037 _cGeneral Book
040 _aRTL
_cRTL
_beng
041 _2eng
_aeng
082 _aY7.3.N8, M9
100 _aSolomos John
_9138806
245 0 _aRace and racism in contemporary britian
260 _aLondon
_bMacmillan
_c1989
300 _axiv, 209p
_ccm.
490 _aReports of the Institute of Community Studies
500 _aBibliography: P 192-203
650 _aRace
942 _hY7.3.N8, M9
_cGB
_2CC
999 _c572139
_d572139